Cómo hacer la Tesis : (Record no. 1934)

000 -CABECERA
fixed length control field 00957nam a22002297a 4500
003 - IDENTIFICADOR DEL NÚMERO DE CONTROL
control field AR-CdUCM
008 - DATOS DE LONGITUD FIJA--INFORMACIÓN GENERAL
fixed length control field 190228b ||||| |||| 00| 0 spa d
020 ## - NÚMERO INTERNACIONAL ESTÁNDAR DEL LIBRO
ISBN 9682460697
040 ## - FUENTE DE LA CATALOGACIÓN
Agencia/entidad que catalogó originalmente la obra MUNICIPALIDAD PROVINCIAL DEL CUSCO
Entidad que transcribió la catalogación BIBLIOTECA MUNICIPAL DEL CUSCO
082 ## - NÚMERO DE LA CLASIFICACIÓN DECIMAL DEWEY
No. de la edición 1ra. ed.
No. de Clasificación 808.02 /
Notacion interna S85
100 ## - ENTRADA PRINCIPAL--NOMBRE DE PERSONA
Nombre Personal Iñigue Súarez, Enrique
245 ## - MENCIÓN DE TÍTULO
Título Cómo hacer la Tesis :
Mención de responsabilidad Iñigue Súarez, Enrique
Resto del título La Solución a un problema /
260 ## - PUBLICACIÓN, DISTRIBUCIÓN, ETC.
Lugar de publicación, distribución, etc. México :
Nombre de la editorial, distribuidor, etc. Trillas .
Fecha de publicación, distribución, etc. 2000.
300 ## - DESCRIPCIÓN FÍSICA
Nº de Páginas Extensión 83 paginas :
Dimensiones 23 paginas.
505 ## - NOTA DE CONTENIDO CON FORMATO
Nota de contenido formateada Análisis Económico y Fuentes Humanísticas -- Área del conocimiento y práctica de investigación -- Bibliografías -- Centro de Investigaciones y Servicios Educativos -- Concentración -- Protocolo de Investigación...
650 ## - PUNTO DE ACCESO ADICIONAL DE MATERIA--TÉRMINO DE MATERIA
Descriptor Tesis.
9 (RLIN) 1981
650 ## - PUNTO DE ACCESO ADICIONAL DE MATERIA--TÉRMINO DE MATERIA
Descriptor Bibliografías.
9 (RLIN) 991
650 ## - PUNTO DE ACCESO ADICIONAL DE MATERIA--TÉRMINO DE MATERIA
Descriptor Análisis Social.
9 (RLIN) 7071
700 ## - PUNTO DE ACCESO ADICIONAL--NOMBRE DE PERSONA
Nombre Personal Iñigue Súarez, Enrique
9 (RLIN) 7070
942 ## - ELEMENTOS DE PUNTO DE ACCESO ADICIONAL (KOHA)
Fuente de clasificación
Tipo de item Libros-BMC
945 ## - PROCESAMIENTO DE INFORMACIÓN LOCAL (OCLC)
Catalogador rtm
AAAA-MM-DD - Fecha de ingreso o modificacion 2019-02-28
Holdings
Estado de retiro (separado) Fuente de clasificación o esquema de estanterías Estado dañado Ubicación Sala donde se ubica Nombre de la colección Fecha de adquisición o compra Costo, precio normal en soles Signatura topográfica Código de Barras Última vez visto (Koha) Tipo de ítem (Koha)
No     Sala Humanidades Sala Humanidades Book Cart 2019-02-28 20.00 808.02 / S85 SH0000002473 2019-02-28 Libros-BMC

Powered by Koha